书目信息 |
| 题名: |
竞走
|
|
| 作者: | 帖佐宽章 | |
| 分册: | ||
| 出版信息: | 北京 人民体育出版社 2001 |
|
| 页数: | 115 | |
| 开本: | 19cm | |
| 丛书名: | 青少年田径技术训练丛书 | |
| 单 册: | ||
| 中图分类: | G821.2 | |
| 科图分类: | ||
| 主题词: | 田径运动 | |
| 电子资源: | ||
| ISBN: | 7-5009-2131-4 | |
| 000 | 00582nam0 2200205 450 | |
| 001 | 0736480453 | |
| 005 | 20070817100800.46 | |
| 010 | @a7-5009-2131-4@d¥8.00 | |
| 100 | @a20070817d km y0chiy0120 ea | |
| 101 | 0 | @achi |
| 200 | 1 | @a竞走@Ajing zou@f(日)帖佐宽章@F(ri)tie zuo kuan zhang |
| 210 | @a北京@c人民体育出版社@d2001 | |
| 215 | @a115@d19cm | |
| 225 | 2 | @a青少年田径技术训练丛书 |
| 410 | 0 | @12001 @a青少年田径技术训练丛书 |
| 606 | 0 | @a田径运动 |
| 690 | @aG821.2@v3 | |
| 701 | 0 | @a帖佐宽章@Atie zuo kuan zhang |
| 801 | 0 | @aCN@bPFT@c20070817 |
| 905 | @a213230@dG821.2@et38@f1 | |
| 竞走/(日)帖佐宽章.-北京:人民体育出版社,2001 |
| 115;19cm.-(青少年田径技术训练丛书) |
| ISBN 7-5009-2131-4:¥8.00 |
| ● |
| 相关链接 |
|
|
|
|
正题名:竞走
索取号:G821.2/t38
 
预约/预借
| 序号 | 登录号 | 条形码 | 馆藏地/架位号 | 状态 | 备注 |
| 1 | 6902034 | 269020347 | 密集书库-体育系/ [索取号:G821.2/t38] | 在馆 |